Caricamento...

Labour welfare in India /

Dettagli Bibliografici
Autore principale: Vaid, K. N.
Natura: Printed Book
Lingua:English
Pubblicazione: New Delhi : Shri Ram Centre for Industrial Relations, 1970.
LEADER 00509nam a22001457a 4500
008 161103b xxu||||| |||| 00| 0 eng d
999 |c 160561  |d 160561 
020 |a . 
082 |a 344.54023  
100 |a Vaid, K. N. 
245 |a Labour welfare in India /  |c K. N. Vaid 
260 |b Shri Ram Centre for Industrial Relations,  |c 1970.  |a New Delhi : 
300 |a 392 p. 
942 |c BK 
952 |0 0  |1 0  |4 0  |6 344_540230000000000_VAI_L  |7 0  |9 175422  |a CMS  |b CMS  |c ST1  |d 2016-11-03  |i 2781  |l 0  |o 344.54023 VAI/L  |p CMS2781  |r 2016-11-03  |w 2016-11-03  |y BK